[Event "FRA-chT4 1516"]
[Site "Champagne Ardennes"]
[Date "2016.04.03"]
[Round "7"]
[White "Ledoux, Hugo"]
[Black "Rapinel, Florian"]
[Result "0-1"]
[WhiteElo "1140"]
[BlackElo "1099"]
[PlyCount "38"]
[EventDate "2015.12.06"]
[EventType "team-tourn"]
[EventRounds "7"]
[EventCountry "FRA"]
[SourceTitle "EXT 2024"]
[Source "ChessBase"]
[SourceDate "2023.10.10"]
[SourceVersion "1"]
[SourceVersionDate "2023.10.10"]
[SourceQuality "1"]

1. e4 c5 2. Nf3 Nc6 3. Bc4 Nf6 4. Nc3 g6 5. e5 Ng4 6. Qe2 Bg7 7. Ng5 Ngxe5 8. Nxf7 Nxf7 9. Bxf7+ Kxf7 10. Qf3+ Ke8 11. 0-0 Rf8 12. Qh3 d6 13. Qxh7 Kf7 14. d3 Rh8 15. Qxh8 Qxh8 16. Bg5 Be5 17. Rfe1 Qxh2+ 18. Kf1 Nd4 19. Rac1 Qh1# 0-1